Hide Away - Daya - All Lyrics - Statistics

General Stats
  • This quiz has been taken 50 times
  • The average score is 290 of 336
Answer Stats
Answer % Correct
a
100%
boy
100%
Boys
100%
boys
100%
I
100%
the
100%
The
100%
to
100%
away,
97%
away?
97%
away
97%
do
97%
girl
97%
go
97%
good
97%
hide
97%
Hide
97%
and
95%
girls
95%
Girls
95%
like
95%
where
95%
Where
95%
who
95%
I’m
92%
seem
92%
be
90%
little
90%
needs
90%
so
87%
tell
87%
Tell
87%
at
85%
for
85%
it
85%
laugh
85%
me
85%
me,
85%
me?
85%
ones
85%
that
85%
as
82%
company
82%
don't
82%
get
82%
know
82%
takes
82%
time
82%
all
79%
before
79%
date
79%
kiss
79%
second
79%
high
77%
undressed
77%
anything
74%
find
74%
Looking
74%
low,
74%
money
72%
mother
72%
mother,
72%
my
72%
appreciate
69%
fly
69%
let
67%
out
67%
both
64%
But
64%
in
64%
is
64%
someone
64%
'em
62%
Got
62%
Mr.
62%
Right
62%
eyes
59%
just
59%
Superman
59%
they
59%
tie,
59%
life
56%
tonight
56%
of
54%
them
54%
well
54%
chase
51%
about
49%
cause
49%
come
49%
down
49%
save
49%
Suit
49%
hope
46%
I'd
46%
somebody
46%
things
46%
up
46%
gonna
44%
He’s
44%
Putting
44%
rather
41%
undercover
41%
Talking
38%
demands
33%
heart's
33%
Guessing
31%
Won’t
31%
supply
28%
No matching quizzes found
Score Distribution
Percent of People with Each Score
Percentile by Number Answered
Your Score History
You have not taken this quiz